000 00486nam a22001817a 4500
003 OSt
005 20231109130655.0
008 230718b |||||||| |||| 00| 0 eng d
020 _a9789356990272
082 _a342.5402
_bALVL
100 _aALVA, Rohan J.
245 _aLiberty after freedom : a history of article 21, due process and the constitution of India
260 _aGurugram
_bHarper Collins
_c2023
300 _a289p
546 _aEnglish
650 _aLaw
942 _2ddc
_cBK
999 _c3291
_d3291